00421nam a2200109Ia 4500008004100000100002000041245007500061260006300136300002000199650001700219856007500236160712s9999 xx 000 0 und d aPotter, Lesley. cLesley PotteraSwidden, Oil Palm, and Food Security in West Kalimantan c2011bKasarinlan Philippine Journal of Third World Studies avol. 26 no. 1-2 xINDEPENDENCE uhttp://journals.upd.edu.ph/index.php/kasarinlan/issue/view/331/showToc